Politologické fórum
Oblasť politických vied, medzinárodných vzťahov, filozofie a sociálnych vied. Spoločenské a inštitucionálne rámce. Postavenie krajín, verejná mienka a spoločenské efekty.
Guardado en:
| Formato: | Seriadas |
|---|---|
| Lenguaje: | eslovaco inglés |
| Publicado: |
Trenčín
Trenčianska univerzita Alexandra Dubčeka v Trenčíne
|
| Materias: | |
| Etiquetas: |
Sin Etiquetas, Sea el primero en etiquetar este registro!
|
MARC
| LEADER | 00000nas1a2200000 4500 | ||
|---|---|---|---|
| 001 | 0247661 | ||
| 005 | 20260205111610.7 | ||
| 022 | |a 1338-6859 | ||
| 022 | |a 2729-8949 | ||
| 041 | 0 | |a slo | |
| 041 | 0 | |a eng | |
| 044 | |a SK | ||
| 245 | 1 | 0 | |a Politologické fórum |
| 264 | 1 | |a Trenčín |b Trenčianska univerzita Alexandra Dubčeka v Trenčíne | |
| 520 | |a Oblasť politických vied, medzinárodných vzťahov, filozofie a sociálnych vied. Spoločenské a inštitucionálne rámce. Postavenie krajín, verejná mienka a spoločenské efekty. | ||
| 610 | 2 | 0 | |a vedy spoločenské |
| 610 | 2 | 0 | |a politológia |
| 610 | 2 | 0 | |a demografia sociálna |
| 610 | 2 | 0 | |a mienka verejná |
| 610 | 2 | 0 | |a vzťahy medzinárodné |